00619cam a2200193 a 4500008004100000020002200041100002400063245009000087250001200177260004700189300003300236504005100269650003100320650002600351700002100377003000100398005001700399040000900416  a0534378129 (hbk.)1 aVesilind, P. Aarne.10aIntroduction to environmental engineering /cP. Aarne Vesilind [and] Susan M. Morgan. a2nd ed. aBelmont, CA :bThomson/Brook/Cole,cc2004. axx, 479 p. :bill. ;c25 cm. aIncludes bibliographical references and index. 0aEnvironmental engineering. 0aEnvironmental ethics. aMorgan, Susan M.20230120144456.0 cNUST